UBT Library

Governance and politics in Africa / (Record no. 44359)

000 -LEADER
fixed length control field 00847pam a2200253 a 4500
001 - CONTROL NUMBER
control field 2487446
005 - DATE AND TIME OF LATEST TRANSACTION
control field 20180308032455.0
008 - FIXED-LENGTH DATA ELEMENTS--GENERAL INFORMATION
fixed length control field 910621s1992 cou b 001 0 eng
010 ## - LIBRARY OF CONGRESS CONTROL NUMBER
LC control number 91025811
020 ## - INTERNATIONAL STANDARD BOOK NUMBER
International Standard Book Number 1555872344 (alk. paper) :
Terms of availability $35.00
020 ## - INTERNATIONAL STANDARD BOOK NUMBER
International Standard Book Number 1555872859 (pbk. : alk. paper) :
Terms of availability $16.95
040 ## - CATALOGING SOURCE
Original cataloging agency DLC
Transcribing agency DLC
Modifying agency DLC
041 ## - LANGUAGE CODE
Language code of text/sound track or separate title eng
043 ## - GEOGRAPHIC AREA CODE
Geographic area code f------
080 ## - UNIVERSAL DECIMAL CLASSIFICATION NUMBER
Universal Decimal Classification number 323.042096 HYD
082 00 - DEWEY DECIMAL CLASSIFICATION NUMBER
Classification number 323.042096 HYD
Edition number 20
100 ## - Rafti
Rafti 20
101 ## - Shkurtesa
Shkurtesa POL
245 00 - TITLE STATEMENT
Title Governance and politics in Africa /
Statement of responsibility, etc edited by Göran Hydén and Michael Bratton.
504 ## - BIBLIOGRAPHY, ETC. NOTE
Bibliography, etc Includes bibliographical references (p. 285-316) and index.
906 ## - LOCAL DATA ELEMENT F, LDF (RLIN)
a 7
b cbc
c orignew
d 1
e ocip
f 19
g y-gencatlg
942 ## - ADDED ENTRY ELEMENTS (KOHA)
Source of classification or shelving scheme
Item type Books
Holdings
Withdrawn status Lost status Source of classification or shelving scheme Damaged status Not for loan Collection code Permanent location Current location Shelving location Date acquired Total Checkouts Full call number Barcode Date last seen Price effective from Koha item type
          Koleksioni i përgjithshem UBT - Lipjan UBT - Lipjan Koleksioni i përgjithshem 03/08/2018   323.042096 HYD 002-3000870 03/08/2018 03/08/2018 Books
UBT Library © 2015-2024. All rights reserved University Education for Business and Technology